| 000 | 00000nas 2200000za 4500 |
| 001 | 9.501848 |
| 003 | CaOODSP |
| 005 | 20230607150754 |
| 007 | cr ||||||||||| |
| 008 | 150406d20012008xxc|| p o||||f| |0fre|d |
| 040 | |aCaOODSP|bfre |
| 043 | |an-cn--- |
| 086 | 1 |aNH2-18F-PDF |
| 110 | 1 |aCanada. |bSociété canadienne d'hypothèques et de logement. |bCentre d'analyse de marché, |eauthor, |eorganisme de publication. |
| 245 | 10|aRapport sur les maisons de retraite - Ontario |h[ressource électronique] |
| 260 | |aOttawa - Ontario : |bSociété canadienne d'hypothèques et de logement |
| 310 | |aAnnuel |
| 362 | 1 |aParaît depuis [2001?]; ne paraît plus après 2008. |
| 775 | 08|tRetirement homes report - Ontario |w(CaOODSP)9.505450 |
| 776 | 0#|tRapport sur les maisons de retraite - Ontario |w(CaOODSP)9.513705 |